| 000 -LEADER |
| fixed length control field |
00777nam a2200205Ia 4500 |
| 001 - CONTROL NUMBER |
| control field |
16602 |
| 003 - CONTROL NUMBER IDENTIFIER |
| control field |
GE_BSU |
| 008 - FIXED-LENGTH DATA ELEMENTS--GENERAL INFORMATION |
| fixed length control field |
181216s||||||||xx |||||||||||||| ||und|| |
| 040 ## - CATALOGING SOURCE |
| Transcribing agency |
GE_BSU |
| 080 ## - UNIVERSAL DECIMAL CLASSIFICATION NUMBER |
| Universal Decimal Classification number |
821.353.1-94 + 821.161.1(092ტოლსტოი,ლევ) + 821.353.1.092 |
| 100 ## - MAIN ENTRY--PERSONAL NAME |
| Personal name |
ნაკაშიძე, ნინო |
| 245 ## - TITLE STATEMENT |
| Title |
ლევ ტოლსტოის ახლოს : მოგონება. |
| 245 ## - TITLE STATEMENT |
| Statement of responsibility, etc. |
რემ.მ.ბაკურიძე. მხატვ.რ.ზედელაშვილი |
| 260 ## - PUBLICATION, DISTRIBUTION, ETC. |
| Place of publication, distribution, etc. |
თბილისი |
| 260 ## - PUBLICATION, DISTRIBUTION, ETC. |
| Name of publisher, distributor, etc. |
სახელგამი |
| 260 ## - PUBLICATION, DISTRIBUTION, ETC. |
| Date of publication, distribution, etc. |
1954 |
| 300 ## - PHYSICAL DESCRIPTION |
| Extent |
125გვ. ; 17სმ. |
| 653 ## - INDEX TERM--UNCONTROLLED |
| Uncontrolled term |
ლევ ტოლსტოის ახლოს : მოგონება. |
| 942 ## - ADDED ENTRY ELEMENTS (KOHA) |
| Koha item type |
წიგნი |